LIBRARY & INFORMATION CENTRE, KCAET, TAVANUR

ONLINE PUBLIC ACCESS CATALOGUE (OPAC)

Irrigation engineering - Including water power engineering / (Record no. 9378)

MARC details
000 -LEADER
fixed length control field 00525cam a2200205ua 4500
041 ## - LANGUAGE CODE
Language code of text/sound track or separate title eng
082 ## - DEWEY DECIMAL CLASSIFICATION NUMBER
Classification number 627.52
Item number BIR/IR
100 ## - MAIN ENTRY--AUTHOR NAME
Personal name Birdie, G S .
245 ## - TITLE STATEMENT
Title Irrigation engineering - Including water power engineering /
250 ## - EDITION STATEMENT
Edition statement 2 /
260 ## - PUBLICATION, DISTRIBUTION, ETC. (IMPRINT)
Place of publication Delhi :
Name of publisher Dhanpath Rai and sons ,
Year of publication 1988.
300 ## - PHYSICAL DESCRIPTION
Number of Pages 306 ; .
500 ## - GENERAL NOTE
General note *CSS
700 1# - ADDED ENTRY--PERSONAL NAME
Personal name Ramchandra, Das .
942 ## - ADDED ENTRY ELEMENTS (KOHA)
Koha item type Books
Holdings
Withdrawn status Lost status Damaged status Home library Current library Shelving location Date acquired Full call number Accession Number Koha item type
      KAUAET KAUAET Scheme 12/09/2018 627.52 BIR/IR 19015 Book Bank scheme for SC students
free website counter